| 000 | 00518nam a2200169Ia 4500 | ||
|---|---|---|---|
| 005 | 20250508161639.0 | ||
| 008 | 008 250505s9999 xx 000 0 eng d | ||
| 037 | _aTextual | ||
| 040 |
_aFEDL _beng _cFEDL |
||
| 041 |
_aeng _2eng |
||
| 084 |
_a510, PRA _qFEDL |
||
| 245 | 0 | _aPractical problems in mathematics carpentry trades: A baisc mathematics simplified workbook | |
| 260 |
_aAlbany _bDelmar Publishers Inc _c1955 |
||
| 300 | _avii,190p. | ||
| 942 |
_cTEXL _h510, PRA |
||
| 999 |
_c1371322 _d1371322 |
||